| 000 | 00897cab a2200313 4500 | ||
|---|---|---|---|
| 001 | ABS51723 | ||
| 008 | 090401t1994 xxu||||| |||| 00| 0 eng d | ||
| 035 | _a(Sirsi) u41796 | ||
| 041 | _aeng | ||
| 245 | _aFocus `94: Somerset, Devon and Cornwall | ||
| 260 | _c1994 | ||
| 350 | _a0 | ||
| 490 |
_aEstates Gazette _v(9445) 12 November 1994, 101-124(12) |
||
| 650 | _aBARNSTAPLE | ||
| 650 | _aCORNWALL | ||
| 650 | _aDEVON | ||
| 650 | _aEXETER | ||
| 650 | _aINDUSTRIAL MARKET | ||
| 650 | _aINWARD INVESTMENT | ||
| 650 | _aM5 CORRIDOR | ||
| 650 | _aPROPERTY-COMMERCIAL PROPERTY-OFFICE PROPERTY-OFFICE PROPERTY MARKET | ||
| 650 | _aPLYMOUTH | ||
| 650 | _aPROPERTY-COMMERCIAL PROPERTY-RETAIL PROPERTY-RETAIL PROPERTY MARKET | ||
| 650 | _aSOMERSET | ||
| 650 | _aTORQUAY | ||
| 690 | _aPROPERTY-COMMERCIAL PROPERTY-COMMERCIAL PROPERTY MARKET | ||
| 942 | _n0 | ||
| 948 | _c04/03/1997 | ||
| 999 |
_c26831 _d26831 |
||